| 000 | 00450nam a2200157 4500 | ||
|---|---|---|---|
| 003 | OSt | ||
| 008 | 240703b |||||||| |||| 00| 0 eng d | ||
| 020 | _a9781422196021 | ||
| 082 |
_a658.4 _bCHI |
||
| 100 | _aCHRISTENSEN, Clayton M. | ||
| 245 |
_aThe Innovator's Dilemma: _bWhen New Technologies Cause Great Firms to Fail |
||
| 260 |
_aBoston _bHarvard Business Review Press _c2019 |
||
| 300 | _axxvii, 252p. | ||
| 650 | _aGeneral | ||
| 942 |
_2ddc _cBK |
||
| 999 |
_c12791 _d12791 |
||